Balkan and eastern European countries in the midst of the global economic crisis
Αποθηκεύτηκε σε:
| Άλλοι συγγραφείς: | , |
|---|---|
| Μορφή: | Βιβλίο |
| Γλώσσα: | English |
| Δημοσίευση: |
New York :
Physica-Verlag,
c2013
|
| Θέματα: | |
| Ετικέτες: |
Προσθήκη ετικέτας
Δεν υπάρχουν, Καταχωρήστε ετικέτα πρώτοι!
|
MARC
| LEADER | 00000cam a2200000 i 4500 | ||
|---|---|---|---|
| 001 | 1/29648 | ||
| 008 | 130517s2013 eng d | ||
| 020 | |a 978-3-7908-2872-6 (hbk.) | ||
| 035 | |l 10114417 | ||
| 040 | |a GR-MY-UA |b gre |e aacr | ||
| 041 | 0 | |a eng | |
| 082 | 0 | |2 (22) | |
| 245 | 0 | 0 | |a Balkan and eastern European countries in the midst of the global economic crisis / |c edited by Anastasios Karasavvoglou and Persefoni Polychronidou |
| 260 | |a New York : |b Physica-Verlag, |c c2013 | ||
| 300 | |a x, 174 σ.; |b διαγρ., πίν.; |c 24 εκ. | ||
| 504 | |a Περιέχει βιβλιογραφικές παραπομπές | ||
| 650 | 0 | 0 | |a Financial crises. |
| 651 | 0 | |a Balkan Peninsula |x Economic conditions |y 21st century. | |
| 651 | 0 | |a Europe, Eastern |x Economic conditions |y 1989- | |
| 651 | 0 | |a Balkan Peninsula |x Economic policy. | |
| 651 | 0 | |a Europe, Eastern |x Economic policy. | |
| 700 | 1 | |a Karasavvoglou, Anastasios G. |4 edt | |
| 700 | 1 | |a Polychronidou, Persefoni. |4 edt | |
| 852 | |a INST |b CHIOS |e 20130517 |h 338.542 ΚΑΡ |p 005200035379 |q 005200035379 |t BK |y 0 | ||
| 901 | |a BIBL2-2013-2 | ||
| 970 | |a ΣΠΕΝΤΖΑ |b ΕΛΕΝΗ |z 2013/05/17 | ||